Statistics for Italian translation quiz

Click here to take the quiz!

General Stats

  • This quiz has been taken 43 times
  • The average score is 10 of 19

Answer Stats

ItalianTranslation% Correct
libroBook
92%
caneDog
89%
nomename
83%
uominiMen
81%
FineEnd
75%
canzoneSong
72%
tuoYour
69%
leggereRead
58%
MeleApples
56%
apebee
47%
hoI have
47%
bambiniKids
47%
mangamoWe eat
44%
qualcumosomebody
36%
recuperareRecover
28%
disseSaid
25%
lividiBruises
22%
gioellijewelry
11%
vialeboulevard
6%

Score Distribution

Percentile by Number Answered

Percent of People with Each Score

Your Score History

You have not taken this quiz